000 03397nam a22006015i 4500
001 978-3-319-46628-6
003 DE-He213
005 20210118141732.0
007 cr nn 008mamaa
008 161014s2017 gw | s |||| 0|eng d
020 _a9783319466286
_9978-3-319-46628-6
024 7 _a10.1007/978-3-319-46628-6
_2doi
050 4 _aTK7888.4
072 7 _aTJFC
_2bicssc
072 7 _aTEC008010
_2bisacsh
072 7 _aTJFC
_2thema
082 0 4 _a621.3815
_223
100 1 _aPalani, Rakesh Kumar.
_eauthor.
_4aut
_4http://id.loc.gov/vocabulary/relators/aut
245 1 0 _aInverter-Based Circuit Design Techniques for Low Supply Voltages
_h[electronic resource] /
_cby Rakesh Kumar Palani, Ramesh Harjani.
250 _a1st ed. 2017.
264 1 _aCham :
_bSpringer International Publishing :
_bImprint: Springer,
_c2017.
300 _aXXI, 126 p. 127 illus., 95 illus. in color.
_bonline resource.
336 _atext
_btxt
_2rdacontent
337 _acomputer
_bc
_2rdamedia
338 _aonline resource
_bcr
_2rdacarrier
347 _atext file
_bPDF
_2rda
490 1 _aAnalog Circuits and Signal Processing,
_x1872-082X
505 0 _a1 Introduction -- 2 Biasing -- 3 Inverter based OTA Design -- 4 ADC Driver -- 5 Current Mirror Based Filter -- 6 All MOSCAP Based Continuously Tunable Filter -- 7 ADC.
520 _aThis book describes intuitive analog design approaches using digital inverters, providing filter architectures and circuit techniques enabling high performance analog circuit design. The authors provide process, supply voltage and temperature (PVT) variation-tolerant design techniques for inverter based circuits. They also discuss various analog design techniques for lower technology nodes and lower power supply, which can be used for designing high performance systems-on-chip.    .
650 0 _aElectronic circuits.
650 0 _aElectronics.
650 0 _aMicroelectronics.
650 1 4 _aCircuits and Systems.
_0http://scigraph.springernature.com/things/product-market-codes/T24068
650 2 4 _aElectronic Circuits and Devices.
_0http://scigraph.springernature.com/things/product-market-codes/P31010
650 2 4 _aElectronics and Microelectronics, Instrumentation.
_0http://scigraph.springernature.com/things/product-market-codes/T24027
700 1 _aHarjani, Ramesh.
_eauthor.
_4aut
_4http://id.loc.gov/vocabulary/relators/aut
710 2 _aSpringerLink (Online service)
773 0 _tSpringer eBooks
776 0 8 _iPrinted edition:
_z9783319466262
776 0 8 _iPrinted edition:
_z9783319466279
776 0 8 _iPrinted edition:
_z9783319835518
830 0 _aAnalog Circuits and Signal Processing,
_x1872-082X
856 4 0 _uhttps://doi.org/10.1007/978-3-319-46628-6
912 _aZDB-2-ENG
999 _c450370
_d450370
942 _cEB
506 _aAvailable to subscribing member institutions only. Доступно лише організаціям членам підписки.
506 _fOnline access from local network of NaUOA.
506 _fOnline access with authorization at https://link.springer.com/
506 _fОнлайн-доступ з локальної мережі НаУОА.
506 _fОнлайн доступ з авторизацією на https://link.springer.com/